|
|
|
|
| LEADER |
01590nam a22003017a 4500 |
| 001 |
34866 |
| 003 |
BD-DhAAL |
| 005 |
20230201121335.0 |
| 008 |
190723t2016 bg 000 1 bben d |
| 020 |
|
|
|a 9847034302707
|
| 040 |
|
|
|a BD-DhAAL
|c BD-DhAAL
|
| 041 |
|
|
|a ben
|
| 082 |
0 |
0 |
|a 891.443
|2 22
|
| 100 |
2 |
|
|a গঙ্গোপাধ্যায়, সুনীল
|9 8779
|
| 245 |
|
|
|a ছবির দেশে কবিতার দেশে /
|c সুনীল গঙ্গোপাধ্যায়
|
| 246 |
|
|
|a Chobir dese kobitar dese
|
| 260 |
|
|
|a ঢাকা :
|b বিভাস,
|c ২০১৬.
|
| 300 |
|
|
|a ২৮৭ পৃষ্ঠা ;
|c ২২ সে.মি.
|
| 526 |
|
|
|a Residential Campus
GenEd (Residential Campus)
|
| 541 |
1 |
|
|a Development Book Agency
|e 34866, 35001, 40754
|
| 650 |
|
0 |
|a Bengali essays.
|9 6008
|
| 650 |
|
0 |
|a Bengali Literature.
|
| 852 |
4 |
|
|a Savar Campus Library
|j General Stacks
|
| 942 |
|
|
|2 ddc
|c BK
|
| 999 |
|
|
|c 40947
|d 40947
|
| 952 |
|
|
|0 0
|1 0
|2 ddc
|4 0
|6 891_443000000000000_GAN
|7 0
|9 65713
|a SCL
|b SCL
|c GEN
|d 2019-07-17
|e Development Book Agency
|g 340.00
|l 4
|m 15
|o 891.443 GAN
|p 3020034866
|r 2025-09-16
|s 2025-07-01
|t 1
|v 340.00
|w 2019-07-17
|y BK
|
| 952 |
|
|
|0 0
|1 0
|2 ddc
|4 0
|6 891_443000000000000_GAN
|7 0
|9 65852
|a BRACUL
|b BRACUL
|c GEN
|d 2019-07-24
|e Development Book Agency
|g 340.00
|l 10
|m 90
|o 891.443 GAN
|p 3010035001
|q 2026-06-03
|r 2026-04-22
|s 2026-04-22
|t 2
|v 340.00
|w 2019-07-24
|y BK
|
| 952 |
|
|
|0 0
|1 0
|2 ddc
|4 0
|6 891_443000000000000_GAN
|7 0
|9 72916
|a SCL
|b SCL
|c GEN
|d 2023-01-15
|e Development Book Agency
|g 340.00
|l 4
|m 18
|o 891.443 GAN
|p 3020040754
|r 2025-08-30
|s 2025-08-02
|t 1
|v 340.00
|w 2023-01-15
|y BK
|